000 01125njm a22003017a 4500
005 20100917160954.0
006 a|||||r|||||00| 0
007 sd ammalaaahaa
008 100831t xxu||||| |||| 00| 0 eng d
028 _aECLP. 5416
_bHis Master's Voice
035 _aGR-05147
040 _aSED
_cSED
100 _aKishor Kumar
_917690
245 _aSuhaag raat /
_cby Kishor Kumar; music Kalyan ji Anand ji
_h[Sound Recording] :
246 _aसुहाग रात/किशोर कुमार द्वारा
260 _aDum Dum India
_bHis Master's Voice
_c1982
300 _a1 sound disc (Gramophone Recording)
_banalog 33 1/3 rpm
_c12 in. (LP)
_fGramophone Record
500 _aBrief Record
500 _aRecord label:His Master's Voice;Red
505 _aSide-1 Ganga maiya me jab tak-- Side-2 Are wo re(Kishor kumar)
600 _aKapoor, Mahendra
_920600
650 _aFilm songs
_xExcerpts
_zIndia
_917691
700 _aKalyn ji Anandji
_920848
700 _920850
700 _920849
942 _2ddc
_cGR
999 _c47143
_d47143